000 00793nam a2200241Ia 4500
003 OSt
005 20220924102115.0
008 210716s2013 xx 000 0 und d
020 _a9788126542888
040 _cAIMIT LIBRARY
041 _aeng
082 _a005.448
_21
_bHAUK
100 _aHausman, Kirk.
_958431
245 _aCloud essentials :
_bComptia authorized courseware for exam CLO- 001 /
_cBy Kirk Hausman, Susan L Cook and Telmo Sampaio.
250 _a1st ed.
260 _aNew Delhi :
_bWiley India Pvt Ltd ,
_c2013 .
300 _axx, 268p. ;
_bPB
_c24 cm.
650 _aStrategies for cloud adoption
_958432
650 _aCloud infrastructure planning
_958433
700 _aCook, Susan L.
_958434
700 _aSampaio, Telmo.
_958435
942 _2ddc
_cBK
_e1st
_k005.448 HAUK
999 _c194966
_d194966